| 000 | 00797nam a2200205Ia 4500 | ||
|---|---|---|---|
| 003 | GCL | ||
| 005 | 20240530105245.0 | ||
| 008 | 140319s9999 xx 000 0 ara d | ||
| 040 |
_aGCL / _cGCL |
||
| 082 | 0 | 4 |
_a615.852 _bذ ط |
| 100 | 1 | _aالذهبى ، شمس الدين ابو عبدالله محمد بن احمد بن عثمان | |
| 245 | 1 | 0 |
_aالطب النبوى / _cالذهبى ، شمس الدين ابو عبدالله محمد بن احمد بن عثمان |
| 260 |
_aالقاهرة : _bالدار المصرية للطباعة والنشر والتوزيع ، _c1990 |
||
| 300 |
_a389 ص ؛ _c24 سم |
||
| 650 | 0 | 4 | _aالطب |
| 650 | 0 | 4 | _aالطب النبوى |
| 650 | 0 | 4 | _aالطب - العالم العربى |
| 700 | 1 | _aمحمد ابو النصر | |
| 942 |
_2ddc _cBK |
||
| 999 |
_c54384 _d54384 |
||